College Football - Most All-Time Bowl Wins - Statistics

General Stats
  • This quiz has been taken 1,005 times
  • The average score is 28 of 39
Answer Stats
Answer % Correct
35 Alabama
99%
27 Texas
96%
20 Michigan
95%
20 Florida
94%
27 Georgia
92%
33 Southern California
92%
28 Oklahoma
91%
20 Ohio State
88%
15 California - Los Angeles
87%
23 Louisiana State
86%
16 Notre Dame
84%
12 Oregon
83%
18 Clemson
82%
26 Florida State
82%
25 Tennessee
82%
16 Washington
81%
22 Auburn
78%
25 Nebraska
78%
18 Miami
77%
23 Mississippi
76%
16 Texas A&M
75%
11 Wisconsin
72%
13 Arkansas
66%
23 Georgia Tech
65%
12 Colorado
64%
11 Stanford
61%
14 Texas Tech
60%
15 Oklahoma State
58%
13 Texas Christian
58%
14 Missouri
55%
13 Utah
55%
13 Arizona State
51%
13 Brigham Young
51%
15 Syracuse
50%
14 West Virginia
48%
11 Maryland
47%
14 North Carolina State
42%
13 Pittsburgh
41%
13 Boston College
40%
No matching quizzes found
Score Distribution
Percent of People with Each Score
Percentile by Number Answered
Your Score History
You have not taken this quiz